| 000 | 00631nam a2200241Ia 4500 | ||
|---|---|---|---|
| 003 | OSt | ||
| 005 | 20221005042029.0 | ||
| 006 | a|||||r|||| 00| 0 | ||
| 007 | ta | ||
| 008 | 221004b |||||||| |||| 00| 0 eng d | ||
| 024 | _a35721 | ||
| 037 | _cTextual | ||
| 040 |
_aCRL _cCRL _beng |
||
| 041 |
_2eng _aeng |
||
| 082 | _aO111,1L72,1:g, K3 | ||
| 100 | _aGupta S C | ||
| 245 | 0 |
_aColeridge's _b The ancient mariner |
|
| 260 |
_aDelhi _bSumer Brothers _c1963 |
||
| 300 |
_a144p. _ccm. |
||
| 650 | _aENGLISH LITERATURE | ||
| 942 |
_hO111,1L72,1:g, K3 _cTEXL _2cc |
||
| 999 |
_c949546 _d949546 |
||